|
|
|
|
| LEADER |
00000cam a2200000 c 4500 |
| 001 |
012817163 |
| 003 |
DE-627 |
| 005 |
20260211142852.0 |
| 007 |
tu |
| 008 |
830112s1979 ne ||||| 00| ||eng c |
| 010 |
|
|
|a 80461462
|
| 020 |
|
|
|a 9004059288
|
| 035 |
|
|
|a (DE-627)012817163
|
| 035 |
|
|
|a (DE-603)059091606
|
| 035 |
|
|
|a (DE-576)031591213
|
| 035 |
|
|
|a (DE-599)GBV012817163
|
| 035 |
|
|
|a (OCoLC)06093411
|
| 040 |
|
|
|a DE-627
|b ger
|c DE-627
|e rakwb
|
| 041 |
|
|
|a eng
|
| 044 |
|
|
|c XA-NL
|
| 050 |
|
0 |
|a BR225
|
| 082 |
0 |
|
|a 232/.09/015
|q LOC
|
| 084 |
|
|
|a 1
|2 ssgn
|
| 084 |
|
|
|a BO 2390
|2 rvk
|0 (DE-625)rvk/14128:
|
| 100 |
1 |
|
|0 (DE-588)1066255822
|0 (DE-627)817134271
|0 (DE-576)425699994
|4 aut
|a Gray, Patrick T. R.
|
| 109 |
|
|
|a Gray, Patrick T. R.
|a Gray, P.
|
| 245 |
1 |
4 |
|a The defense of Chalcedon in the East (451-553)
|c by Patrick T. R. Gray
|
| 264 |
|
1 |
|a Leiden [u.a.]
|b Brill
|c 1979
|
| 300 |
|
|
|a VIII, 189 S.
|
| 336 |
|
|
|a Text
|b txt
|2 rdacontent
|
| 337 |
|
|
|a ohne Hilfsmittel zu benutzen
|b n
|2 rdamedia
|
| 338 |
|
|
|a Band
|b nc
|2 rdacarrier
|
| 490 |
1 |
|
|a Studies in the history of Christian thought
|v 20
|
| 505 |
8 |
|
|a Literaturverz. S. [179] - 184
|
| 583 |
1 |
|
|a Massenentsäuert
|c 2012
|2 pdager
|5 DE-18
|
| 583 |
1 |
|
|a Archivierung/Langzeitarchivierung gewährleistet
|f SSG
|x XA-DE-BW
|2 pdager
|5 DE-21
|
| 583 |
1 |
|
|a Archivierung prüfen
|c 20240324
|f DE-4165
|z 2
|2 pdager
|
| 600 |
1 |
0 |
|a Jesus Christ
|x History of doctrines
|y Early church, ca. 30-600
|
| 611 |
2 |
0 |
|a Council of Chalcedon
|d (451
|c Chalcedon)
|
| 611 |
2 |
7 |
|0 (DE-588)2047219-5
|0 (DE-627)102931917
|0 (DE-576)191958670
|a Konzil
|d 451
|c Chalkedon
|2 gnd
|
| 648 |
|
7 |
|a Geschichte 300-500
|2 gnd
|
| 648 |
|
7 |
|a Geschichte 451-553
|2 gnd
|
| 650 |
|
0 |
|a Theology, Doctrinal
|x History
|y Early church, ca. 30-600
|
| 650 |
0 |
7 |
|0 (DE-588)4032368-7
|0 (DE-627)104360089
|0 (DE-576)208996524
|a Konzil
|2 gnd
|
| 650 |
0 |
7 |
|0 (DE-588)4049716-1
|0 (DE-627)104675152
|0 (DE-576)209083182
|a Rezeption
|2 gnd
|
| 651 |
|
0 |
|a Byzantine Empire
|x History
|y To 527
|
| 651 |
|
0 |
|a Byzantine Empire
|x History
|y 527-1081
|
| 651 |
|
7 |
|0 (DE-588)4009256-2
|0 (DE-627)106363735
|0 (DE-576)208881441
|a Byzantinisches Reich
|2 gnd
|
| 787 |
0 |
8 |
|i Rezension
|a Abramowski, Luise, 1928 - 2014
|t Gray, Patrick T. R., The defense of Chalcedon in the East (451 - 553)
|d 1982
|w (DE-627)1446032132
|w (DE-576)376032138
|
| 787 |
0 |
8 |
|i Rezensiert in
|a Wickham, L. R.
|t REVIEWS
|d 1984
|w (DE-627)1783663499
|
| 787 |
0 |
8 |
|i Rezensiert in
|a Abramowski, Luise, 1928 - 2014
|t Gray, Patrick T. R., The defense of Chalcedon in the East (451 - 553)
|d 1982
|w (DE-627)1521029903
|w (DE-576)451029909
|
| 830 |
|
0 |
|a Studies in the history of Christian thought
|v 20
|9 20
|w (DE-627)130017078
|w (DE-576)002725088
|w (DE-600)420148-6
|x 0081-8607
|7 am
|
| 935 |
|
|
|a mteo
|
| 935 |
|
|
|i Blocktest
|
| 936 |
r |
v |
|a BO 2390
|b Die 5 ersten allgemeinen Konzilien
|k Theologie und Religionswissenschaften
|k Patrologie und Kirchengeschichte
|k Kirchengeschichte nach Perioden
|k Alte Kirchengeschichte und Patrologie
|k Von 313 bis Gregor der Große (ca. 604)
|k Theologische Lehre und Streitfragen
|k Die 5 ersten allgemeinen Konzilien
|0 (DE-627)1270744682
|0 (DE-625)rvk/14128:
|0 (DE-576)200744682
|
| 936 |
s |
n |
|a b100
|2 mzub
|
| 951 |
|
|
|a BO
|
| ELC |
|
|
|b 1
|
| ITA |
|
|
|a 1
|t 1
|
| LOK |
|
|
|0 000 xxxxxcx a22 zn 4500
|
| LOK |
|
|
|0 001 3160189988
|
| LOK |
|
|
|0 003 DE-627
|
| LOK |
|
|
|0 004 012817163
|
| LOK |
|
|
|0 005 20091118103213
|
| LOK |
|
|
|0 008 970218||||||||||||||||ger|||||||
|
| LOK |
|
|
|0 040
|a DE-21
|c DE-627
|d DE-21
|
| LOK |
|
|
|0 852
|a DE-21
|
| LOK |
|
|
|0 852 1
|c 19 A 21749
|9 00
|
| LOK |
|
|
|0 935
|a kram
|a konv
|a theo
|a sepp
|
| LOK |
|
|
|0 939
|a 18-02-97
|b l01
|
| LOK |
|
|
|0 000 xxxxxcx a22 zn 4500
|
| LOK |
|
|
|0 001 3160190048
|
| LOK |
|
|
|0 003 DE-627
|
| LOK |
|
|
|0 004 012817163
|
| LOK |
|
|
|0 005 20260304073256
|
| LOK |
|
|
|0 008 951227||||||||||||||||ger|||||||
|
| LOK |
|
|
|0 040
|a DE-21-35
|c DE-627
|d DE-21-35
|
| LOK |
|
|
|0 541
|e 1980/61720
|
| LOK |
|
|
|0 852
|a DE-21-35
|
| LOK |
|
|
|0 852 1
|c Kf 2.16
|m p
|9 00
|
| LOK |
|
|
|0 938
|k p
|
| LOK |
|
|
|0 939
|a 27-12-95
|b l01
|
| ORI |
|
|
|a TA-MARC-ixtheoa001.raw
|
| REF |
|
|
|a Konziliengeschichte
|
| STA |
0 |
0 |
|a Byzantine Empire,Eastern Roman Empire,Council,Councils and synods,Reception,Reception,Impact,Afterlife
|
| STB |
0 |
0 |
|a Concile,Concile,Réception <scientifique>,Réception <scientifique>,Influence intellectuelle,Influence intellectuelle,Influence intellectuelle (motif),Influence intellectuelle
|
| STC |
0 |
0 |
|a Concilio,Concilio,Concilios y sínodos diocesanos,Recepción,Recepción
|
| STD |
0 |
0 |
|a Concilio,Concilio,Ricezione,Ricezione
|
| STE |
0 |
0 |
|a 大公会议,大公会议,接受,接收
|
| STF |
0 |
0 |
|a 大公會議,大公會議,接受,接收
|
| STG |
0 |
0 |
|a Concílio,Concílio,Recepção,Recepção
|
| STH |
0 |
0 |
|a Восприятие (мотив),Восприятие,Церковный собор (мотив),Церковный собор
|
| STI |
0 |
0 |
|a Αποδοχή (μοτίβο),Αποδοχή,Συμβούλιο (μοτίβο),Συμβούλιο
|
| SYC |
0 |
0 |
|a Concilium Chalcedonense,451,Chalkedon,Concilium Universale Chalcedonense,451,Chalkedon,Concile de Chalcédoine,451,Chalkedon,Concilio di Calcedonia,451,Chalkedon,Council of Chalcedon,451,Chalkedon,Konzil von Chalcedon,451,Chalkedon,Konzil von Chalkedon,451,Chalkedon,Ökumenisches Konzil,4.,451,Chalkedon
|
| SYE |
0 |
0 |
|a Allgemeines Konzil,Ökumenisches Konzil,Konzilien , Fortwirken,Nachwirkung,Nachleben,Wirkungsgeschichte,Aneignung
|
| SYF |
0 |
0 |
|a Oströmisches Reich,Reich Byzanz,Imperium Byzantium,Imperium Byzantinum,Ostrom,Rhomaioi,Romäer
|